000 00563nam a22001937i 4500
999 _c6060
_d6060
001 6495
003 OSt
005 20181105103737.0
007 tu
008 161220s1997 xxu||||| |||| 00| 0 d
024 7 _a6495
_2RID
024 7 _a6495
_2RSN (alt)
040 _cOSt
100 1 _aPichl, Claudia
245 0 0 _aSustainable Development und Beschäftigung
_bLöst eine nachhaltige Entwicklung auch die Beschäftigungskrise?
260 _aWien :
_bÖsterreichisches Institut für Wirtschaftsforschung (WIFO),
_c1997.
490 _aWIFO Vorträge
_v72
942 _cP